[Event "RUS-chT Blitz (Women)"]
[Site "Sochi"]
[Date "2023.10.17"]
[Round "5.4"]
[White "Borisova, Ekaterina"]
[Black "Martynova, Anastasiya"]
[Result "1-0"]
[WhiteElo "2168"]
[BlackElo "1860"]
[PlyCount "49"]
[EventDate "2023.10.17"]
[EventType "team-tourn (blitz)"]
[EventRounds "13"]
[EventCountry "RUS"]
[SourceTitle "Mega2024 Update 01"]
[Source "Chessbase"]
[SourceDate "2023.11.12"]
[SourceVersion "1"]
[SourceVersionDate "2023.11.12"]
[SourceQuality "1"]
[WhiteTeam "Moscow ShSM (W)"]
[BlackTeam "Krasnodar Etyud Saavedry (W)"]
[WhiteTeamCountry "RUS"]
[BlackTeamCountry "RUS"]

1. d4 Nf6 2. c4 d6 3. Nf3 g6 4. g3 Bg7 5. Bg2 0-0 6. 0-0 c6 7. Nc3 Bf5 8. Ng5 h6 9. e4 Bg4 10. f3 Bd7 11. Nh3 a5 12. Be3 Na6 13. Qd2 Kh7 14. Nf2 e5 15. Rad1 Qe7 16. Rfe1 Rad8 17. a3 Rfe8 18. Nd3 Bc8 19. Qf2 Nc7 20. dxe5 dxe5 21. Bc5 Qe6 22. Bb6 Qxc4 23. Bxc7 Rxd3 24. Bf1 Qe6 25. Rxd3 1-0

[Event "RUS-chT Blitz (Women)"]
[Site "Sochi"]
[Date "2023.10.17"]
[Round "11.15"]
[White "Grigorieva, Sofia"]
[Black "Martynova, Anastasiya"]
[Result "1-0"]
[WhiteElo "1580"]
[BlackElo "1860"]
[PlyCount "115"]
[EventDate "2023.10.17"]
[EventType "team-tourn (blitz)"]
[EventRounds "13"]
[EventCountry "RUS"]
[SourceTitle "Mega2024 Update 01"]
[Source "Chessbase"]
[SourceDate "2023.11.12"]
[SourceVersion "1"]
[SourceVersionDate "2023.11.12"]
[SourceQuality "1"]
[WhiteTeam "Moscow Botvinnik School (W) II"]
[BlackTeam "Krasnodar Etyud Saavedry (W)"]
[WhiteTeamCountry "RUS"]
[BlackTeamCountry "RUS"]

1. d4 Nf6 2. Nf3 e6 3. e3 b6 4. b3 Bb7 5. Bb2 c5 6. c4 d5 7. Nbd2 Be7 8. Be2 cxd4 9. Bxd4 Nc6 10. cxd5 Nxd4 11. Nxd4 0-0 12. dxe6 Bxg2 13. Rg1 Bb7 14. exf7+ Rxf7 15. Bc4 Nd5 16. e4 Bh4 17. N2f3 Qe7 18. Qe2 Nf4 19. Bxf7+ Kxf7 20. Qc4+ Bd5 21. Qc3 Qxe4+ 22. Qe3 Re8 23. Qxe4 Rxe4+ 24. Kd2 Bf6 25. Ng5+ Bxg5 26. Rxg5 Rxd4+ 27. Ke3 Ne6 28. Rf5+ Ke7 29. Re5 Rh4 30. f4 Rh3+ 31. Kf2 Rxh2+ 32. Kg3 Rg2+ 33. Kh3 Bb7 34. Rae1 Bc8 35. Kxg2 Kf6 36. Kf3 h5 37. f5 Ng5+ 38. Kg3 Bxf5 39. R5e3 Ne6 40. Rf1 g6 41. Rc1 Kg5 42. Rg1 h4+ 43. Kf2+ Kh5 44. Rc3 g5 45. Rc8 Nf4 46. Rh8+ Kg6 47. Rg8+ Kf6 48. Rf8+ Ke5 49. Re8+ Be6 50. Re1+ Kf5 51. Rf8+ Kg4 52. Rxf4+ gxf4 53. Rxe6 h3 54. Rg6+ Kh4 55. Rg8 b5 56. Kf3 a6 57. Kxf4 Kh5 58. Rh8+ 1-0

[Event "RUS-chT Blitz (Women)"]
[Site "Sochi"]
[Date "2023.10.17"]
[Round "13.20"]
[White "Martynova, Anastasiya"]
[Black "Demina, Alena"]
[Result "0-1"]
[WhiteElo "1860"]
[BlackElo "1296"]
[PlyCount "73"]
[EventDate "2023.10.17"]
[EventType "team-tourn (blitz)"]
[EventRounds "13"]
[EventCountry "RUS"]
[SourceTitle "Mega2024 Update 01"]
[Source "Chessbase"]
[SourceDate "2023.11.12"]
[SourceVersion "1"]
[SourceVersionDate "2023.11.12"]
[SourceQuality "1"]
[WhiteTeam "Krasnodar Etyud Saavedry (W)"]
[BlackTeam "Moscow Botvinnik School (W)"]
[WhiteTeamCountry "RUS"]
[BlackTeamCountry "RUS"]

1. d4 d5 2. c4 c6 3. cxd5 cxd5 4. Bf4 Nc6 5. Nc3 Nf6 6. e3 g6 7. h3 Bg7 8. Nf3 0-0 9. Be2 Bf5 10. 0-0 Rc8 11. Rc1 a6 12. Na4 Ne4 13. Nd2 e5 14. dxe5 Nxe5 15. Nxe4 dxe4 16. Nc5 Qb6 17. Bxe5 Bxe5 18. Qd5 Bxb2 19. Rc2 Bg7 20. Rfc1 Rc7 21. g4 Be6 22. Qxe4 Rfc8 23. Na4 Qa5 24. Rxc7 Rxc7 25. Rxc7 Qxc7 26. Bf3 Bxa2 27. Qe8+ Bf8 28. Kg2 b5 29. Nb2 Qe7 30. Qa8 Qe6 31. Nd3 Bc4 32. Nf4 Qf6 33. Nd5 Bxd5 34. Bxd5 Kg7 35. Bb7 Bd6 36. Qxa6 Qe5 37. Kf1 0-1

[Event "Krasnoyarsk Marchko Memorial"]
[Site "Krasnoyarsk"]
[Date "2016.12.22"]
[Round "6"]
[White "Lapin, Petr"]
[Black "Martynova, Anastasiya"]
[Result "1-0"]
[WhiteElo "2198"]
[BlackElo "2094"]
[PlyCount "61"]
[EventDate "2016.12.17"]
[EventType "tourn"]
[EventRounds "9"]
[EventCountry "RUS"]
[SourceTitle "CBM 176 Extra"]
[Source "ChessBase"]
[SourceDate "2017.03.02"]
[SourceVersion "1"]
[SourceVersionDate "2017.03.02"]
[SourceQuality "1"]

1. d4 d6 2. Nf3 Nf6 3. c4 g6 4. Nc3 Bf5 5. Ng5 Bg7 6. e4 Bd7 7. Be2 e5 8. d5 0-0 9. 0-0 a5 10. b3 Na6 11. Bd2 h6 12. Nf3 Nh5 13. Ne1 Nf4 14. Nd3 f5 15. Nxf4 exf4 16. Rc1 Nc5 17. Bxf4 fxe4 18. Bg3 Bf5 19. Nb5 Qd7 20. Nd4 Nd3 21. Bxd3 exd3 22. Nxf5 Qxf5 23. Qd2 Rae8 24. Rce1 Bd4 25. a3 b6 26. b4 axb4 27. axb4 Kg7 28. Rd1 Re2 29. Qxd3 Bxf2+ 30. Bxf2 Rxf2 31. Qd4+ 1-0

[Event "Krasnoyarsk Region-ch"]
[Site "Krasnoyarsk"]
[Date "2016.10.07"]
[Round "9"]
[White "Miroshnichenko, Grigory"]
[Black "Martynova, Anastasiya"]
[Result "0-1"]
[WhiteElo "1920"]
[BlackElo "1989"]
[PlyCount "172"]
[EventDate "2016.09.29"]
[EventType "swiss"]
[EventRounds "11"]
[EventCountry "RUS"]
[SourceTitle "EXT 2018"]
[Source "ChessBase"]
[SourceDate "2017.10.13"]
[SourceVersion "1"]
[SourceVersionDate "2017.10.13"]
[SourceQuality "1"]

1. e4 d6 2. d4 Nf6 3. Nc3 e5 4. dxe5 dxe5 5. Qxd8+ Kxd8 6. Bc4 Be6 7. Bxe6 fxe6 8. f3 Bb4 9. Bd2 Ke7 10. 0-0-0 Nc6 11. Nh3 a6 12. Nf2 b5 13. Nd3 Bd6 14. Rhe1 Rhf8 15. f4 h6 16. Nd5+ exd5 17. fxe5 Nxe5 18. Nxe5 Bxe5 19. exd5 Nd7 20. Bb4+ Kf7 21. Bxf8 Rxf8 22. Rf1+ Kg8 23. h3 Rxf1 24. Rxf1 Nf6 25. Rf5 Bd6 26. g4 Kf7 27. Rf3 Ke7 28. Rd3 h5 29. gxh5 Nxh5 30. c3 Nf4 31. Re3+ Kf6 32. Kc2 Nxd5 33. Re8 g5 34. Ra8 Nf4 35. Rxa6 Nxh3 36. a4 g4 37. axb5 g3 38. b6 cxb6 39. Rxb6 Ke6 40. Ra6 g2 41. Ra1 Bc5 42. b4 Bf2 43. Kd3 Nf4+ 44. Ke4 Nd5 45. Kd3 Ke5 46. Ke2 Bb6 47. Kf3 g1Q 48. Rxg1 Bxg1 49. Ke2 Nxc3+ 50. Kd3 Nd5 51. Kc4 Nb6+ 52. Kd3 Bd4 53. b5 Kd5 54. Kd2 Ke4 55. Kc2 Kd5 56. Kd2 Ke4 57. Kc2 Ke3 58. Kb3 Kd3 59. Kb4 Nd5+ 60. Ka5 Kc4 61. b6 Bxb6+ 62. Ka6 Kc5 63. Kb7 Ne7 64. Ka6 Bc7 65. Kb7 Kd6 66. Ka7 Kc6 67. Ka6 Nd5 68. Ka7 Bb6+ 69. Kb8 Nc7 70. Kc8 Ba7 71. Kd8 Nd5 72. Ke8 Kd6 73. Kf7 Ne7 74. Kf6 Be3 75. Kf7 Bg5 76. Kg7 Ke6 77. Kf8 Ng6+ 78. Ke8 Ne5 79. Kf8 Kd7 80. Kg7 Ke7 81. Kh7 Kf7 82. Kh8 Bh6 83. Kh7 Bf8 84. Kh8 Ng4 85. Kh7 Nf6+ 86. Kh8 Bg7# 0-1

[Event "Krasnoyarsk-ch"]
[Site "Krasnoyarsk"]
[Date "2016.03.15"]
[Round "2"]
[White "Krasnov, Vladimir"]
[Black "Martynova, Anastasiya"]
[Result "1-0"]
[WhiteElo "1992"]
[BlackElo "1964"]
[PlyCount "47"]
[EventDate "2016.02.01"]
[EventType "swiss"]
[EventRounds "9"]
[EventCountry "RUS"]
[SourceTitle "CBM 171 Extra"]
[Source "ChessBase"]
[SourceDate "2016.04.26"]
[SourceVersion "1"]
[SourceVersionDate "2016.04.26"]
[SourceQuality "1"]

1. e4 d6 2. Bc4 Nf6 3. Nc3 e5 4. h3 Be7 5. Nf3 0-0 6. d4 Nbd7 7. 0-0 c6 8. a4 Qc7 9. Bb3 exd4 10. Nxd4 Nc5 11. Re1 Nxb3 12. Nxb3 Re8 13. Bf4 Bd7 14. e5 dxe5 15. Bxe5 Qd8 16. Qf3 Qb6 17. a5 Qb4 18. Ra4 Qxa4 19. Nxa4 Bd6 20. Qg3 Nh5 21. Qc3 Bxe5 22. Rxe5 Nf4 23. Qe3 Nd5 24. Rxe8+ 1-0

[Event "Krasnoyarsk Region-ch"]
[Site "Krasnoyarsk"]
[Date "2015.10.15"]
[Round "8"]
[White "Morin, Andrey"]
[Black "Martynova, Anastasiya"]
[Result "1-0"]
[WhiteElo "2067"]
[BlackElo "1959"]
[PlyCount "91"]
[EventDate "2015.10.??"]
[EventType "swiss"]
[EventRounds "11"]
[EventCountry "RUS"]
[SourceTitle "CBM 169 Extra"]
[Source "ChessBase"]
[SourceDate "2015.12.18"]
[SourceVersion "1"]
[SourceVersionDate "2015.12.18"]
[SourceQuality "1"]

1. e4 d6 2. d4 Nf6 3. f3 Nbd7 4. c4 e5 5. d5 Be7 6. Be3 h5 7. Nh3 h4 8. Nc3 Nh5 9. Qd2 a5 10. Nf2 Nc5 11. Nd3 Nxd3+ 12. Bxd3 Nf4 13. Bc2 h3 14. Ba4+ Bd7 15. Bxd7+ Qxd7 16. Bxf4 exf4 17. g3 fxg3 18. hxg3 Bf6 19. 0-0-0 a4 20. Nb5 Kf8 21. a3 g6 22. Rh2 Kg7 23. Rdh1 Rac8 24. Kb1 c6 25. dxc6 bxc6 26. Nxd6 Rcd8 27. c5 Qe6 28. f4 Rxd6 29. cxd6 Qxe4+ 30. Qc2 Qe6 31. Qxc6 Rc8 32. Qxa4 Qxd6 33. Rxh3 Qd3+ 34. Ka2 Rb8 35. Rb1 Qd5+ 36. Ka1 Rb3 37. Rh2 Qf3 38. Ka2 Rb8 39. Rc2 Qxg3 40. Rc4 Qg2 41. Rb4 Ra8 42. Qb3 Be7 43. Ra4 Re8 44. Re1 Qf2 45. Re3 Qh4 46. Ra7 1-0

[Event "Krasnoyarsk Region-ch"]
[Site "Krasnoyarsk"]
[Date "2015.10.08"]
[Round "1"]
[White "Artemyev, Alexey"]
[Black "Martynova, Anastasiya"]
[Result "1-0"]
[WhiteElo "2129"]
[BlackElo "1959"]
[PlyCount "75"]
[EventDate "2015.10.??"]
[EventType "swiss"]
[EventRounds "11"]
[EventCountry "RUS"]
[SourceTitle "CBM 169 Extra"]
[Source "ChessBase"]
[SourceDate "2015.12.18"]
[SourceVersion "1"]
[SourceVersionDate "2015.12.18"]
[SourceQuality "1"]

1. d4 d6 2. e4 Nf6 3. Nd2 e5 4. dxe5 dxe5 5. Ngf3 Bc5 6. Be2 0-0 7. 0-0 Nc6 8. c3 a5 9. Qc2 Qe7 10. Nc4 Bd7 11. Bg5 h6 12. Bh4 b5 13. Ncd2 Nd8 14. Bg3 Bd6 15. c4 c6 16. a3 Ne6 17. Rfe1 Nh5 18. Bh4 g5 19. Bg3 Nhf4 20. Bf1 Ng6 21. h3 Kg7 22. a4 Rfb8 23. axb5 cxb5 24. cxb5 Bxb5 25. Bxb5 Rxb5 26. Qc6 Rab8 27. Nc4 Bc7 28. Rac1 Qb4 29. Ne3 Ne7 30. Nf5+ Kh7 31. Qd7 Bd8 32. Qe8 Nxf5 33. exf5 Ng7 34. Qxf7 R5b6 35. Bxe5 R8b7 36. Qd5 Bf6 37. Rc8 Qb3 38. Qxb3 1-0

[Event "Krasnoyarsk-ch"]
[Site "Krasnoyarsk"]
[Date "2015.02.07"]
[Round "10"]
[White "Lapin, Petr"]
[Black "Martynova, Anastasiya"]
[Result "1-0"]
[WhiteElo "2005"]
[BlackElo "2014"]
[PlyCount "73"]
[EventDate "2015.01.29"]
[EventType "tourn"]
[EventRounds "11"]
[EventCountry "RUS"]
[SourceTitle "CBM 164 Extra"]
[Source "ChessBase"]
[SourceDate "2015.03.02"]
[SourceVersion "1"]
[SourceVersionDate "2015.03.02"]
[SourceQuality "1"]

1. e4 d6 2. d4 Nf6 3. f3 Nbd7 4. Be3 e5 5. d5 Be7 6. Bd3 Nh5 7. Ne2 Bg5 8. Qd2 Bxe3 9. Qxe3 c6 10. c4 Nc5 11. Nbc3 Nf4 12. Nxf4 exf4 13. Qd2 Qh4+ 14. Kf1 0-0 15. b4 Nd7 16. Rd1 Ne5 17. Qf2 Qe7 18. g4 fxg3 19. hxg3 f5 20. Kg2 f4 21. g4 Bxg4 22. fxg4 Nxg4 23. Qh4 Ne3+ 24. Kf3 Qxh4 25. Rxh4 Nxd1 26. Nxd1 g5 27. Rh5 h6 28. Rxh6 Rf7 29. Rxd6 a5 30. b5 cxb5 31. cxb5 Rc8 32. e5 Rg7 33. Bf5 Rc1 34. e6 Kh8 35. Rd8+ Rg8 36. e7 Rxd1 37. Rxg8+ 1-0

[Event "Krasnoyarsk-ch"]
[Site "Krasnoyarsk"]
[Date "2015.02.06"]
[Round "9"]
[White "Martynova, Anastasiya"]
[Black "Brin, Ilya"]
[Result "1-0"]
[WhiteElo "2014"]
[BlackElo "1758"]
[PlyCount "85"]
[EventDate "2015.01.29"]
[EventType "tourn"]
[EventRounds "11"]
[EventCountry "RUS"]
[SourceTitle "CBM 164 Extra"]
[Source "ChessBase"]
[SourceDate "2015.03.02"]
[SourceVersion "1"]
[SourceVersionDate "2015.03.02"]
[SourceQuality "1"]

1. d4 Nf6 2. c4 c5 3. d5 e6 4. Nc3 exd5 5. cxd5 d6 6. e4 g6 7. h3 Bg7 8. Nf3 0-0 9. Bd3 b5 10. Nxb5 Re8 11. 0-0 Nxe4 12. Re1 a6 13. Nc7 Qxc7 14. Bxe4 Nd7 15. Qc2 f5 16. Bd3 Rxe1+ 17. Nxe1 Bb7 18. Nf3 Bxd5 19. Bc4 Qc6 20. Bxd5+ Qxd5 21. Bf4 Ne5 22. Bxe5 Bxe5 23. Rd1 Bd4 24. Nxd4 cxd4 25. b3 Re8 26. Qd3 a5 27. Kf1 a4 28. bxa4 Qxa2 29. Qxd4 Re4 30. Qxd6 Qxa4 31. Rc1 Qb5+ 32. Kg1 Qe5 33. Rc8+ Kf7 34. Qf8+ Ke6 35. Re8+ Kd5 36. Rxe5+ Kxe5 37. Qg7+ Kf4 38. Qxh7 Kg5 39. g3 Kf6 40. Kg2 Kg5 41. Qg7 Kh5 42. Kf3 Rc4 43. Qh8+ 1-0

[Event "Krasnoyarsk-ch"]
[Site "Krasnoyarsk"]
[Date "2015.02.02"]
[Round "5"]
[White "Resmyatova, Antonina"]
[Black "Martynova, Anastasiya"]
[Result "1-0"]
[WhiteElo "1938"]
[BlackElo "2014"]
[PlyCount "123"]
[EventDate "2015.01.29"]
[EventType "tourn"]
[EventRounds "11"]
[EventCountry "RUS"]
[SourceTitle "CBM 164 Extra"]
[Source "ChessBase"]
[SourceDate "2015.03.02"]
[SourceVersion "1"]
[SourceVersionDate "2015.03.02"]
[SourceQuality "1"]

1. d4 d6 2. Nf3 Nf6 3. c4 g6 4. Nc3 Bf5 5. Qb3 b6 6. Ng5 Nc6 7. e4 Bd7 8. Qd1 e5 9. d5 Nd4 10. Nf3 Bg4 11. Be2 Bxf3 12. Bxf3 Bg7 13. Be3 0-0 14. 0-0 Re8 15. Nb5 Nxf3+ 16. Qxf3 Qd7 17. h3 Nh5 18. Rad1 Rf8 19. Rfe1 a6 20. Nc3 Qe8 21. g4 Nf4 22. Bxf4 exf4 23. Qxf4 Be5 24. Qd2 Qd7 25. Ne2 f5 26. Nf4 fxg4 27. Ne6 gxh3 28. Rf1 Rf3 29. Qe2 Raf8 30. Rd3 Rxd3 31. Qxd3 Rf6 32. b3 h2+ 33. Kh1 Qf7 34. Ng5 Qf8 35. Ne6 Qh6 36. Qe2 g5 37. Qg4 Bf4 38. Nxc7 Qg6 39. Qc8+ Kg7 40. Ne8+ Kf7 41. Qd7+ Kf8 42. Nxf6 Qxf6 43. Qxh7 Be5 44. Kg2 Qf4 45. Qh6+ Ke8 46. Qg6+ Kd8 47. Qg8+ Kc7 48. Qh7+ Kd8 49. Qg8+ Kc7 50. Qh7+ Kd8 51. Qf5 Qh4 52. Re1 Kc7 53. b4 Qh5 54. c5 Bc3 55. cxd6+ Kxd6 56. Qe6+ Kc7 57. Qc6+ Kb8 58. Qxb6+ Ka8 59. Qxa6+ Kb8 60. Qb6+ Ka8 61. Qc6+ Ka7 62. Qxc3 1-0

[Event "Krasnoyarsk-ch"]
[Site "Krasnoyarsk"]
[Date "2015.01.30"]
[Round "2"]
[White "Martynova, Anastasiya"]
[Black "Molokanov, Alexander"]
[Result "0-1"]
[WhiteElo "2014"]
[BlackElo "2012"]
[PlyCount "104"]
[EventDate "2015.01.29"]
[EventType "tourn"]
[EventRounds "11"]
[EventCountry "RUS"]
[SourceTitle "CBM 164 Extra"]
[Source "ChessBase"]
[SourceDate "2015.03.02"]
[SourceVersion "1"]
[SourceVersionDate "2015.03.02"]
[SourceQuality "1"]

1. d4 d5 2. c4 e6 3. Nf3 c6 4. Qc2 f5 5. g3 Nf6 6. Bg2 Bd6 7. 0-0 0-0 8. Nc3 Ne4 9. Rb1 b6 10. b4 Bb7 11. b5 c5 12. Rd1 Nd7 13. Qb3 Rc8 14. cxd5 c4 15. Qc2 exd5 16. Ne5 Qe7 17. Bb2 Nxc3 18. Bxc3 f4 19. a4 fxg3 20. hxg3 Nxe5 21. dxe5 Bxe5 22. Bxd5+ Bxd5 23. Rxd5 Bxc3 24. Qxc3 Qxe2 25. Rb2 Qf3 26. Qd4 Qf6 27. Rc2 Rc7 28. Qxf6 gxf6 29. Kg2 c3 30. Kf3 Rc4 31. Ke3 Rfc8 32. Rd4 R4c5 33. Kd3 R8c7 34. Ke4 Kf7 35. Rd5 Ke6 36. Rxc5 Rxc5 37. Kd4 Kd6 38. Rxc3 Rxc3 39. Kxc3 Kc5 40. g4 Kd5 41. Kd3 Ke5 42. Ke3 h6 43. f4+ Kd5 44. Kd3 Kd6 45. Kd4 f5 46. gxf5 h5 47. Ke4 Ke7 48. Ke5 h4 49. Ke4 Kf6 50. Ke3 Kxf5 51. Kf3 h3 52. Kg3 h2 0-1